5 Letter Countries - Statistics

General Stats
  • This quiz has been taken 71 times
    32 since last reset
  • The average score is 18 of 25
Answer Stats
Letter Answer % Correct
Q Qatar
100%
Y Yemen
96%
E Egypt
92%
H Haiti
92%
G Ghana
83%
I India
83%
J Japan
79%
K Kenya
79%
C China
75%
I Italy
75%
P Palau
75%
S Spain
75%
C Chile
71%
N Nepal
71%
S Sudan
71%
S Syria
71%
G Gabon
67%
L Libya
67%
N Nauru
67%
T Tonga
67%
B Benin
63%
N Niger
63%
M Malta
50%
S Samoa
50%
A Aruba
17%
No matching quizzes found
Score Distribution
Percent of People with Each Score
Percentile by Number Answered
Your Score History
You have not taken this quiz since the last reset